| 000 | 00607nam a2200169 4500 | ||
|---|---|---|---|
| 999 |
_c3458 _d3458 |
||
| 001 | 4208 | ||
| 005 | 20190813100514.0 | ||
| 008 | 110302s2010 bt 000 0 eng | ||
| 020 | _a9789993636007 | ||
| 245 | 0 | 0 |
_aའཇིག་རྟེན་གྱི་འགྲོ་ལུགས་ཆོས་དང་འདྲེས་པའི་གཏམ། _cDorji Gyeltshen. |
| 246 | _aReligious way of life - Bhutanese context. | ||
| 260 |
_aThimphu : _bDorji Gyeltshen, _c2008. |
||
| 300 | _a711 p. ; 25 cm. | ||
| 650 | _aReligious life --Buddhism --Bhutan. | ||
| 700 | _aDorji Gyeltshen. | ||
| 942 |
_2ddc _cDZONGKHA |
||